• 首页
  • 本馆介绍
  • 公告通知
  • 最新文献
  • 馆藏检索
  • 电子资源
  • 读者导购
  • 参考咨询
  • 我的图书馆
  • 登录
  • 详细信息显示
  • 放入我的书架
  • 预约/预借图书
  • 作者相关作品
  • 分类相关作品
  • 丛书相关作品
  • 出版社相关作品

书目信息

  • 表格格式
  • 工作单格式
  • 卡片格式
题名:
资治通鉴
    
 
作者: 邵光元 编
分册:  
出版信息: 北京   中国戏剧出版社  2002.08
页数: 150页
开本: 25cm
丛书名:
单 册:
中图分类: D602-53
科图分类:
主题词: 政治--中国
电子资源:
ISBN: 7-104-01674-0
000 00563nam0 2200193 450
001 2663655167
005 20260407174255.84
010    @a7-104-01674-0@dCNY660.00
100    @a20260407d2002 km y0chiy0120 ea
101 0  @achi
102    @aCN@b110000
200 1  @a资治通鉴@AZi Zhi Tong Jian@f邵光元编@FShao Guang Yuan Bian
210    @a北京@c中国戏剧出版社@d2002.08
215    @a150页@d25cm
606 0  @a政治@x中国
690    @aD602-53@v4
701  0 @a邵光元@AShao Guang Yuan@4编
801  0 @aCN@b大连网信软件有限公司图书馆·11@c20260407
905    @aZUCC@dD602-53@e185
    
    资治通鉴/邵光元编.-北京:中国戏剧出版社,2002.08
    150页;25cm
    
    
    ISBN 7-104-01674-0:CNY660.00
    
●
相关链接 在E读中查询图书 在五车中查询图书 在当当中查询图书 在豆瓣中查询图书


正题名:资治通鉴     索取号:D602-53/185         预约/预借

序号 登录号 条形码 馆藏地/架位号 状态 备注
1 1442437   214424372   第一样本阅览室/ [索取号:D602-53/185] 在馆    
唐山师范学院图书馆 欢迎您!
大连网信软件有限公司© 版权所有